[Event "BL 0708 Bindl-Aktionär - SG Turm Trier"]
[Site "?"]
[Date "2008.04.20"]
[Round "15.7"]
[White "Seger, Ruediger"]
[Black "Schneider, Ilja"]
[Result "0-1"]
[WhiteElo "2395"]
[BlackElo "2442"]
[PlyCount "66"]
[EventDate "2008.??.??"]

1. e4 c5 2. c3 Nf6 3. e5 Nd5 4. Nf3 Nc6 5. Bc4 Nb6 6. Bb3 c4 7. Bc2 Qc7 8. Qe2
g5 9. h3 Bg7 10. O-O Nxe5 11. Nxg5 d5 12. Na3 h6 13. Nf3 Nxf3+ 14. Qxf3 e5 15.
Qg3 Bf6 16. d4 cxd3 17. Bxd3 Be6 18. Be3 a6 19. Qf3 Nd7 20. Bf5 e4 21. Qh5 Qe5
22. Bg4 Rg8 23. Qxe5 Nxe5 24. Bxe6 fxe6 25. Nc2 Kf7 26. Rad1 Rg6 27. Kh1 Rag8
28. Ne1 b5 29. f3 Nc4 30. Bc1 e3 31. Rd3 Bh4 32. b3 e2 33. Rg1 Bxe1 0-1

[Event "BL 0708 Bindl-Aktionär - SG Turm Trier"]
[Site "?"]
[Date "2008.04.20"]
[Round "15.8"]
[White "Heinz, Axel"]
[Black "Cioara, Andrei Nestor"]
[Result "1-0"]
[WhiteElo "2364"]
[BlackElo "2428"]
[PlyCount "79"]
[EventDate "2008.??.??"]

1. e4 c6 2. Nc3 d5 3. Nf3 Bg4 4. h3 Bxf3 5. Qxf3 e6 6. g3 Nd7 7. Qe2 Ne7 8. Bg2
g6 9. d3 Bg7 10. O-O O-O 11. Kh2 Re8 12. f4 f5 13. Bd2 Nc8 14. Rae1 Nd6 15. e5
Nb5 16. Nxb5 cxb5 17. Rc1 Rc8 18. Qf2 b6 19. Rfd1 Nc5 20. Be3 b4 21. c3 bxc3
22. Rxc3 Bf8 23. g4 Kh8 24. gxf5 gxf5 25. b4 Na4 26. Rxc8 Qxc8 27. Rc1 Qd7 28.
a3 Rc8 29. Rxc8 Qxc8 30. Bd4 Bg7 31. Qh4 h6 32. Qe7 Qc1 33. Qxe6 Qxf4+ 34. Kh1
Kh7 35. Bxd5 Qf1+ 36. Kh2 h5 37. Qg8+ Kh6 38. Be3+ f4 39. Qe6+ Kg5 40. h4+ 1-0

[Event "BL 0708 Erfurter SK - OSC Baden Baden"]
[Site "?"]
[Date "2008.04.20"]
[Round "15.1"]
[White "Nisipeanu, Liviu-Dieter"]
[Black "Kraemer, Martin"]
[Result "1-0"]
[WhiteElo "2668"]
[BlackElo "2436"]
[PlyCount "61"]
[EventDate "2008.??.??"]

1. e4 c5 2. Nf3 d6 3. d4 cxd4 4. Nxd4 Nf6 5. Nc3 a6 6. Bc4 e6 7. Bb3 Nc6 8. Be3
Be7 9. f4 O-O 10. Qf3 Nxd4 11. Bxd4 b5 12. Bxf6 Bxf6 13. e5 Bh4+ 14. g3 Rb8 15.
O-O-O Bb7 16. Ne4 Be7 17. f5 exf5 18. Qxf5 Qb6 19. Rhe1 dxe5 20. Qxe5 Rbe8 21.
Kb1 Bc6 22. Nd6 Bxd6 23. Qxd6 Rxe1 24. Rxe1 Qf2 25. Rd1 Qf3 26. a3 h5 27. Rd4
Qh1+ 28. Ka2 a5 29. Qe7 Be8 30. Rd8 Qc6 31. Bd5 1-0

[Event "BL 0708 Erfurter SK - OSC Baden Baden"]
[Site "?"]
[Date "2008.04.20"]
[Round "15.2"]
[White "Votava, Jan"]
[Black "Movsesian, Sergei"]
[Result "1/2-1/2"]
[WhiteElo "2546"]
[BlackElo "2670"]
[PlyCount "29"]
[EventDate "2008.??.??"]

1. d4 d5 2. Nf3 Nf6 3. Bf4 c6 4. c3 Bf5 5. Nbd2 e6 6. e3 Be7 7. Qb3 Qb6 8. h3
h6 9. a4 Nbd7 10. Be2 O-O 11. O-O Ne4 12. Rfc1 Rfe8 13. Qxb6 axb6 14. Nxe4 Bxe4
15. Nd2 1/2-1/2

[Event "BL 0708 Erfurter SK - OSC Baden Baden"]
[Site "?"]
[Date "2008.04.20"]
[Round "15.3"]
[White "Harikrishna, Pentala"]
[Black "Haba, Petr"]
[Result "1/2-1/2"]
[WhiteElo "2668"]
[BlackElo "2525"]
[PlyCount "169"]
[EventDate "2008.??.??"]

1. d4 d5 2. c4 c6 3. Nf3 Nf6 4. Nc3 e6 5. Bg5 dxc4 6. a4 Bb4 7. e4 Qa5 8. Bd2
O-O 9. Bxc4 c5 10. dxc5 Qxc5 11. Qe2 e5 12. O-O Bg4 13. Be3 Bxf3 14. gxf3 Qa5
15. Nd5 Nxd5 16. Bxd5 Nc6 17. f4 Bc5 18. Qb5 Bxe3 19. Qxa5 Nxa5 20. fxe3 Nc6
21. Rac1 exf4 22. exf4 Rfd8 23. Rc5 Kf8 24. a5 a6 25. Bxc6 bxc6 26. Rxc6 Rdb8
27. Rf2 Rb5 28. Rd2 Ra7 29. Rc8+ Ke7 30. Rh8 Rxa5 31. Rxh7 g6 32. Rh3 Rb5 33.
b3 Rab7 34. Rdd3 Rb4 35. Rhe3 a5 36. Kf2 a4 37. bxa4 Rxa4 38. Re2 Rbb4 39. Kf3
Kf8 40. Rd7 Rb3+ 41. Kg4 Rbb4 42. Kf3 Rb3+ 43. Re3 Raa3 44. Rxb3 Rxb3+ 45. Kg4
Re3 46. e5 Kg7 47. h4 Re1 48. h5 gxh5+ 49. Kxh5 Rg1 50. f5 Kf8 51. Kh6 Ke8 52.
Ra7 f6 53. Rg7 Rf1 54. Kg6 fxe5 55. Kf6 e4 56. Rg8+ Kd7 57. Rg4 e3 58. Re4 Re1
59. Re6 e2 60. Re4 Kd6 61. Re5 Kd7 62. Re6 Kd8 63. Rd6+ Ke8 64. Rd2 Ra1 65.
Rxe2+ Kf8 66. Re7 Ra6+ 67. Re6 Ra7 68. Rb6 Rf7+ 69. Kg5 Rg7+ 70. Rg6 Ra7 71.
Kh6 Rb7 72. Rf6+ Kg8 73. Kg5 Kg7 74. Rg6+ Kh7 75. Rh6+ Kg7 76. f6+ Kg8 77. Kg6
Ra7 78. Rh5 Rg7+ 79. Kf5 Rg1 80. Rg5+ Rxg5+ 81. Kxg5 Kf7 82. Kf5 Kf8 83. Kg6
Kg8 84. f7+ Kf8 85. Kf6 1/2-1/2

[Event "BL 0708 Erfurter SK - OSC Baden Baden"]
[Site "?"]
[Date "2008.04.20"]
[Round "15.4"]
[White "Kuczynski, Robert"]
[Black "Naiditsch, Arkadij"]
[Result "0-1"]
[WhiteElo "2483"]
[BlackElo "2639"]
[PlyCount "48"]
[EventDate "2008.??.??"]

1. e4 e5 2. Nf3 Nc6 3. Bc4 Nf6 4. d3 Be7 5. O-O O-O 6. Re1 d6 7. c3 Kh8 8. h3
Ng8 9. d4 f5 10. dxe5 fxe4 11. Rxe4 Rxf3 12. gxf3 Bf5 13. Re1 Nxe5 14. Bf1 Qe8
15. f4 Qg6+ 16. Kh2 Bg4 17. Be2 Bxe2 18. Rxe2 Nf3+ 19. Kh1 Qh5 20. Kg2 Rf8 21.
Qd3 Rf6 22. Qxf3 Rg6+ 23. Qg4 Rxg4+ 24. hxg4 Qd5+ 0-1

[Event "BL 0708 Erfurter SK - OSC Baden Baden"]
[Site "?"]
[Date "2008.04.20"]
[Round "15.5"]
[White "Nielsen, Peter-Heine"]
[Black "Mueller, Matthias"]
[Result "1-0"]
[WhiteElo "2626"]
[BlackElo "2405"]
[PlyCount "103"]
[EventDate "2008.??.??"]

1. d4 d5 2. c4 e6 3. Nf3 Nf6 4. Bg5 Nbd7 5. Nc3 c6 6. e3 Qa5 7. cxd5 Nxd5 8.
Qd2 Bb4 9. Rc1 h6 10. Bh4 c5 11. a3 Bxc3 12. bxc3 Qxa3 13. e4 N5f6 14. Bd3 Qa5
15. O-O cxd4 16. cxd4 Qxd2 17. Nxd2 Nh5 18. Nc4 g5 19. Bg3 Nxg3 20. fxg3 O-O
21. Nd6 Nb6 22. Rf6 Kg7 23. Rcf1 Bd7 24. Rxf7+ Rxf7 25. Rxf7+ Kg8 26. e5 Bc6
27. Rf6 Bd5 28. Nf7 Kf8 29. Nd6+ Kg8 30. Rg6+ Kf8 31. Rxh6 a5 32. Rh8+ Kg7 33.
Rh7+ Kg8 34. Re7 Kf8 35. Rc7 Kg8 36. Bh7+ Kh8 37. Bg6 a4 38. Ne8 Rxe8 39. Bxe8
a3 40. Rc1 a2 41. Ra1 Na8 42. Kf2 Nc7 43. Bd7 b5 44. Ke3 Kg7 45. h4 Kg6 46. Kd2
Kh5 47. Kc3 gxh4 48. gxh4 Kxh4 49. Kb2 b4 50. Rc1 Na8 51. Bc6 Nb6 52. Bxd5 1-0

[Event "BL 0708 Erfurter SK - OSC Baden Baden"]
[Site "?"]
[Date "2008.04.20"]
[Round "15.6"]
[White "Enders, Peter"]
[Black "Dautov, Rustem"]
[Result "1/2-1/2"]
[WhiteElo "2441"]
[BlackElo "2590"]
[PlyCount "56"]
[EventDate "2008.??.??"]

1. e4 c6 2. d4 d5 3. Nd2 dxe4 4. Nxe4 Bf5 5. Ng3 Bg6 6. Nf3 Nd7 7. Bd3 e6 8.
O-O Ngf6 9. b3 Bd6 10. Bb2 O-O 11. Re1 Qc7 12. Bxg6 hxg6 13. c4 Rad8 14. Qc2 c5
15. dxc5 Bxc5 16. Rad1 Qb6 17. h3 Rfe8 18. Ne4 Nxe4 19. Rxe4 Nf6 20. Ree1 a6
21. Kf1 Rc8 22. Ne5 Qc7 23. Re2 b5 24. Red2 bxc4 25. Qxc4 Nd5 26. Qa4 Qb7 27.
Rc1 Bf8 28. Rdc2 Nb4 1/2-1/2

[Event "BL 0708 Erfurter SK - OSC Baden Baden"]
[Site "?"]
[Date "2008.04.20"]
[Round "15.7"]
[White "Schlosser, Philipp"]
[Black "Casper, Thomas"]
[Result "1-0"]
[WhiteElo "2579"]
[BlackElo "2421"]
[PlyCount "111"]
[EventDate "2008.??.??"]

1. d4 Nf6 2. c4 d6 3. Nf3 Nbd7 4. Nc3 e5 5. e4 g6 6. Be2 Bg7 7. Be3 O-O 8. d5
a5 9. Nd2 Ne8 10. g4 Nc5 11. h4 f5 12. exf5 gxf5 13. g5 e4 14. Nb3 Qe7 15. Nxc5
dxc5 16. Qd2 Be5 17. Bf4 Qd6 18. Bxe5 Qxe5 19. Qe3 b6 20. f4 Qe7 21. O-O-O Nd6
22. h5 Ba6 23. b3 a4 24. h6 axb3 25. axb3 Bc8 26. Kc2 Bd7 27. Ra1 Rfb8 28. Rhb1
Be8 29. Nd1 Bg6 30. Qc3 Kf7 31. Ne3 Ke8 32. Bf1 Kd7 33. Bh3 Kc8 34. b4 cxb4 35.
Qxb4 Qf8 36. Qc3 Kd7 37. Rxa8 Rxa8 38. Ra1 Qh8 39. Qxh8 Rxh8 40. Kc3 Rf8 41.
Ra7 Re8 42. Kd4 Kc8 43. Bf1 Bh5 44. Ra3 Kd7 45. Nc2 Nc8 46. Nb4 Ne7 47. c5
bxc5+ 48. Kxc5 Rb8 49. Nc6 Nxc6 50. dxc6+ Ke7 51. Ra7 Kd8 52. Bb5 Bf7 53. Bc4
Be8 54. Ra5 Rb1 55. Ra8+ Ke7 56. Rc8 1-0

[Event "BL 0708 Erfurter SK - OSC Baden Baden"]
[Site "?"]
[Date "2008.04.20"]
[Round "15.8"]
[White "Brueggemann, Joachim"]
[Black "Strohhaeker, Raoul"]
[Result "1/2-1/2"]
[WhiteElo "2355"]
[BlackElo "2382"]
[PlyCount "70"]
[EventDate "2008.??.??"]

1. e4 c5 2. Nf3 e6 3. d4 cxd4 4. Nxd4 Nc6 5. Nc3 Qc7 6. Be3 a6 7. Bd3 Nf6 8.
O-O Ne5 9. h3 Bc5 10. a3 d6 11. Qe1 O-O 12. Kh1 b5 13. f4 Ng6 14. b4 Ba7 15. a4
bxa4 16. Rxa4 Bb7 17. Ndb5 axb5 18. Nxb5 Qd7 19. Rxa7 Rxa7 20. Nxa7 Bxe4 21.
Bxe4 Nxe4 22. b5 d5 23. Bd4 Ne7 24. c4 Nf5 25. Bf2 Nxf2+ 26. Qxf2 dxc4 27. Rc1
Qd3 28. Nc6 c3 29. b6 Ng3+ 30. Kh2 Ne2 31. b7 Nxc1 32. Qc5 g6 33. Ne7+ Kg7 34.
Nc8 Ne2 35. b8=Q Qg3+ 1/2-1/2

[Event "BL 0910 SV Wattenscheid - Bayern Münche"]
[Site "?"]
[Date "2009.10.17"]
[Round "1.1"]
[White "Bromberger, Stefan"]
[Black "Najer, Evgeniy"]
[Result "0-1"]
[WhiteElo "2518"]
[BlackElo "2681"]
[PlyCount "30"]
[EventDate "2009.??.??"]

1. e4 c5 2. Nf3 d6 3. d4 cxd4 4. Nxd4 Nf6 5. Nc3 a6 6. Bg5 e6 7. f4 Qc7 8. Bd3
Be7 9. Nf3 Nc6 10. O-O h6 11. Bh4 g5 12. fxg5 hxg5 13. Bxg5 Ng4 14. Qd2 Nce5
15. h3 Qc5+ 0-1

[Event "BL 0910 SV Wattenscheid - Bayern Münche"]
[Site "?"]
[Date "2009.10.17"]
[Round "1.3"]
[White "Reiss, Tibor"]
[Black "Bartel, Mateusz"]
[Result "1/2-1/2"]
[WhiteElo "2414"]
[BlackElo "2609"]
[PlyCount "106"]
[EventDate "2009.??.??"]

1. d4 f5 2. Nc3 d5 3. Bf4 a6 4. e3 Nf6 5. h3 c5 6. dxc5 Nc6 7. Nf3 e6 8. g4
Bxc5 9. gxf5 exf5 10. Ne5 O-O 11. Qd2 Re8 12. Nxc6 bxc6 13. Be2 Bd6 14. Bxd6
Qxd6 15. O-O-O Rb8 16. Bf3 Re7 17. h4 a5 18. Rdg1 Ng4 19. Nd1 a4 20. Qa5 Ne5
21. Be2 c5 22. Qxa4 d4 23. Qa3 Bb7 24. exd4 Nf7 25. Bc4 Bxh1 26. Rxh1 Qxd4 27.
Qc3 Kf8 28. Bd3 g6 29. Qxd4 cxd4 30. f4 Nd8 31. b3 Ne6 32. Rf1 Nc5 33. Bc4 Kg7
34. Kd2 Kh6 35. c3 Ne4+ 36. Kc2 dxc3 37. Nxc3 Nxc3 38. Kxc3 Kh5 39. a4 Ra7 40.
Ra1 Kxh4 41. a5 Rc7 42. a6 Kg3 43. Ra4 Rbc8 44. Kb2 h5 45. Bd5 Rd8 46. Bh1 Ra7
47. b4 Rb8 48. Bc6 Kxf4 49. Kc3 Ke5 50. b5 Kd6 51. Rd4+ Kc5 52. Rd5+ Kb6 53.
Rd6 Kc5 1/2-1/2

[Event "BL 0910 SV Wattenscheid - Bayern Münche"]
[Site "?"]
[Date "2009.10.17"]
[Round "1.4"]
[White "Czarnota, Pawel"]
[Black "Belezky, Alexander"]
[Result "1/2-1/2"]
[WhiteElo "2537"]
[BlackElo "2463"]
[PlyCount "31"]
[EventDate "2009.??.??"]

1. e4 e6 2. d4 d5 3. Nd2 dxe4 4. Nxe4 Nd7 5. Nf3 Ngf6 6. Bd3 Nxe4 7. Bxe4 Nf6
8. Bg5 Qd6 9. Bd3 Qb4+ 10. Qd2 Qxd2+ 11. Bxd2 c5 12. dxc5 Bxc5 13. c4 a5 14.
Bc3 b6 15. O-O Bb7 16. Ne5 1/2-1/2

[Event "BL 0910 SV Wattenscheid - Bayern Münche"]
[Site "?"]
[Date "2009.10.17"]
[Round "1.5"]
[White "Meissner, Bernd"]
[Black "Rustemov, Alexander"]
[Result "0-1"]
[WhiteElo "2410"]
[BlackElo "2532"]
[PlyCount "92"]
[EventDate "2009.??.??"]

1. d4 d5 2. Nf3 c6 3. c4 Nf6 4. cxd5 cxd5 5. Nc3 Nc6 6. Bf4 a6 7. Rc1 Ne4 8. a3
e6 9. e3 g5 10. Bg3 h5 11. Qd3 Nxg3 12. hxg3 Bg7 13. Nd2 Bd7 14. Be2 g4 15. Bd1
e5 16. Bb3 Be6 17. dxe5 Nxe5 18. Qe2 Rc8 19. Rd1 Qa5 20. e4 d4 21. Nd5 d3 22.
Qe3 Kf8 23. O-O Qc5 24. Qxc5+ Rxc5 25. Nf4 Bd7 26. Rc1 Rc6 27. Bd5 Rb6 28. b4
h4 29. Nb3 Rbh6 30. Rfd1 h3 31. gxh3 gxh3 32. Nc5 Bg4 33. Ncxd3 h2+ 34. Kh1
Bf3+ 35. Ng2 Nxd3 36. Rxd3 Bxg2+ 37. Kxg2 h1=Q+ 38. Rxh1 Rxh1 39. Bxb7 R8h2+
40. Kf3 Rf1 41. Rd2 Bc3 42. Bxa6 Ra1 43. Rd7 Rxa3 44. Bc4 Bxb4+ 45. Ke2 Be7 46.
g4 Rc3 0-1

[Event "BL 0910 SV Wattenscheid - Bayern Münche"]
[Site "?"]
[Date "2009.10.17"]
[Round "1.6"]
[White "Appel, Ralf"]
[Black "Meister, Peter"]
[Result "1/2-1/2"]
[WhiteElo "2551"]
[BlackElo "2396"]
[PlyCount "54"]
[EventDate "2009.??.??"]

1. d4 d5 2. Nf3 Bf5 3. c4 e6 4. Nc3 c6 5. Qb3 Qb6 6. c5 Qxb3 7. axb3 Nd7 8. b4
a6 9. b5 cxb5 10. Nxb5 Rc8 11. Nc3 Ne7 12. Nh4 Bc2 13. Kd2 Bg6 14. Nxg6 hxg6
15. e3 Nc6 16. f4 Be7 17. Rb1 g5 18. f5 e5 19. Nxd5 exd4 20. exd4 Nxd4 21. b4
Nf6 22. Nxe7 Kxe7 23. Kc3 Nxf5 24. Bxg5 Ng3 25. Re1+ Kf8 26. Bxf6 gxf6 27. Rg1
Nxf1 1/2-1/2

[Event "BL 0910 SV Wattenscheid - Bayern Münche"]
[Site "?"]
[Date "2009.10.17"]
[Round "1.7"]
[White "Reich, Thomas"]
[Black "Holzke, Frank Dr"]
[Result "1/2-1/2"]
[WhiteElo "2368"]
[BlackElo "2526"]
[PlyCount "56"]
[EventDate "2009.??.??"]

1. d4 d5 2. Bf4 c5 3. e3 Nc6 4. Nf3 cxd4 5. exd4 Bg4 6. c3 a6 7. Nbd2 Nf6 8.
Be2 e6 9. O-O Bd6 10. Bxd6 Qxd6 11. Re1 O-O 12. Ne5 Bxe2 13. Qxe2 Rfc8 14. a3
h6 15. Nf1 Na5 16. Ne3 b5 17. Nd3 Nb3 18. Rad1 Rc7 19. Ng4 Nxg4 20. Qxg4 Na5
21. Re3 Rf8 22. Rde1 Qe7 23. h4 Nc4 24. Rg3 Qf6 25. Nf4 g6 26. Re2 Kh7 27. h5
g5 28. Nd3 Qe7 1/2-1/2

[Event "BL 0910 Turm Emsdetten - Erfurter SK"]
[Site "?"]
[Date "2009.10.17"]
[Round "1.1"]
[White "Haba, Petr"]
[Black "Spoelman, Wouter"]
[Result "0-1"]
[WhiteElo "2541"]
[BlackElo "2554"]
[PlyCount "96"]
[EventDate "2009.??.??"]

1. d4 d5 2. c4 c6 3. Nf3 Nf6 4. Nc3 dxc4 5. a4 Bf5 6. Ne5 Nbd7 7. Nxc4 Qc7 8.
g3 e5 9. dxe5 Nxe5 10. Bf4 Nfd7 11. Qc1 f6 12. Bg2 Be6 13. Nxe5 Nxe5 14. O-O
Qa5 15. Bxe5 Qxe5 16. a5 a6 17. Ra4 f5 18. e4 O-O-O 19. Bh3 Bb3 20. Ra1 Kb8 21.
exf5 Bb4 22. Re1 Qc7 23. Qg5 Rhe8 24. Rxe8 Rxe8 25. Qh5 Qe5 26. Bg4 Rd8 27. Qg5
Rd4 28. Bf3 Rd3 29. Be2 h6 30. Qc1 Bxc3 31. Bxd3 Bxb2 32. Qb1 Bxa1 33. Qxb3
Qxa5 34. h4 Bd4 35. Kg2 Qd2 36. Bxa6 Qxf2+ 37. Kh3 Qxf5+ 38. g4 Qd7 39. Bc4 b5
40. Be6 Qe7 41. Bf5 Qe3+ 42. Qxe3 Bxe3 43. Kg3 Kc7 44. Kf3 Bd4 45. Ke4 Bf6 46.
h5 Kb6 47. Bd7 c5 48. Kd5 c4 0-1

[Event "BL 0910 Turm Emsdetten - Erfurter SK"]
[Site "?"]
[Date "2009.10.17"]
[Round "1.2"]
[White "Hector, Jonny"]
[Black "Michiels, Bart"]
[Result "1/2-1/2"]
[WhiteElo "2568"]
[BlackElo "2462"]
[PlyCount "112"]
[EventDate "2009.??.??"]

1. e4 e6 2. d4 d5 3. Nc3 Nf6 4. Bg5 dxe4 5. Nxe4 Nbd7 6. Nf3 h6 7. Bh4 Be7 8.
Nxf6+ Bxf6 9. Bxf6 Qxf6 10. Qd2 O-O 11. Qe3 b6 12. Bb5 Rd8 13. Bc6 Rb8 14.
O-O-O Bb7 15. Ne5 Nxe5 16. dxe5 Qe7 17. Rxd8+ Qxd8 18. Rd1 Qe7 19. Rd7 Qe8 20.
Qc3 Rc8 21. b4 a6 22. a4 h5 23. b5 axb5 24. axb5 Bxc6 25. bxc6 Qf8 26. Kb2 g6
27. Qa3 Qxa3+ 28. Kxa3 Ra8+ 29. Kb4 Ra7 30. Rd8+ Kg7 31. f4 g5 32. fxg5 Ra5 33.
Rd7 Rxe5 34. Rxc7 Rc5 35. c4 h4 36. Rc8 f6 37. gxf6+ Kxf6 38. c7 Ke5 39. Rh8
Rxc7 40. Rxh4 Ra7 41. Rg4 Kf5 42. Rg8 e5 43. g4+ Kf4 44. g5 Re7 45. h4 e4 46.
Rf8+ Kg4 47. g6 e3 48. Rf1 Kh5 49. Kb5 Kxg6 50. Kxb6 Kh5 51. c5 Kxh4 52. c6 Kg3
53. c7 Rxc7 54. Kxc7 e2 55. Re1 Kf2 56. Rxe2+ Kxe2 1/2-1/2

[Event "BL 0910 Turm Emsdetten - Erfurter SK"]
[Site "?"]
[Date "2009.10.17"]
[Round "1.3"]
[White "Casper, Thomas"]
[Black "Feygin, Michael"]
[Result "1-0"]
[WhiteElo "2395"]
[BlackElo "2546"]
[PlyCount "89"]
[EventDate "2009.??.??"]

1. e4 d5 2. exd5 Qxd5 3. Nf3 Nf6 4. d4 Bg4 5. Be2 Nc6 6. O-O O-O-O 7. Be3 Qd6
8. Nbd2 Bxf3 9. Nxf3 Ng4 10. c3 g6 11. Bb5 Nb8 12. Bc4 e6 13. h3 Nxe3 14. fxe3
f6 15. Qb3 Re8 16. e4 Qe7 17. e5 f5 18. d5 Nd7 19. Kh1 exd5 20. Bxd5 c6 21. Bc4
Nc5 22. Qc2 Ne4 23. Rfe1 Bg7 24. Bd3 Nc5 25. b4 Ne6 26. b5 cxb5 27. Bxb5 Rd8
28. Rab1 Nc5 29. Bc4 Ne4 30. Rxe4 fxe4 31. Qxe4 Rd7 32. Bd5 Re8 33. Bxb7+ Rxb7
34. Qc6+ Rc7 35. Qa8+ Kd7 36. Qd5+ Kc8 37. Qa8+ Kd7 38. Rd1+ Ke6 39. Qd5+ Kf5
40. Qd3+ Ke6 41. Qd5+ Kf5 42. g4+ Kf4 43. Qd4+ Kg3 44. Rg1+ Kxh3 45. Qf2 1-0

[Event "BL 0910 Turm Emsdetten - Erfurter SK"]
[Site "?"]
[Date "2009.10.17"]
[Round "1.4"]
[White "Janssen, Ruud"]
[Black "Enders, Peter"]
[Result "1-0"]
[WhiteElo "2520"]
[BlackElo "2467"]
[PlyCount "61"]
[EventDate "2009.??.??"]

1. c4 Nf6 2. Nc3 g6 3. e4 d6 4. d4 Bg7 5. h3 O-O 6. Bg5 Nbd7 7. Bd3 e5 8. d5 h6
9. Be3 Nc5 10. Bc2 a5 11. Qd2 Kh7 12. Nge2 Nfd7 13. b3 Nb6 14. O-O Bd7 15. f3
Qe7 16. Rab1 Rfd8 17. Rf2 a4 18. g3 axb3 19. axb3 c6 20. h4 cxd5 21. exd5 h5
22. Ne4 Nxe4 23. fxe4 Nc8 24. b4 b6 25. Kg2 Be8 26. Nc3 Rd7 27. Ba4 Rc7 28. Bc6
Bxc6 29. dxc6 Rxc6 30. Rbf1 Rxc4 31. Rxf7 1-0

[Event "BL 0910 Turm Emsdetten - Erfurter SK"]
[Site "?"]
[Date "2009.10.17"]
[Round "1.5"]
[White "Mueller, Matthias"]
[Black "Brandenburg, Daan"]
[Result "0-1"]
[WhiteElo "2410"]
[BlackElo "2480"]
[PlyCount "72"]
[EventDate "2009.??.??"]

1. e4 c5 2. Nf3 d6 3. d4 cxd4 4. Nxd4 Nf6 5. Nc3 Nc6 6. Bg5 e6 7. Qd2 a6 8.
O-O-O Bd7 9. f4 h6 10. Bh4 g5 11. fxg5 Ng4 12. Be2 Nge5 13. Nf3 Be7 14. Rhg1 b5
15. Rdf1 hxg5 16. Bxg5 Bxg5 17. Nxg5 Qa5 18. Qxd6 b4 19. Nd5 exd5 20. exd5
O-O-O 21. dxc6 Bxc6 22. Bxa6+ Bb7 23. Bxb7+ Kxb7 24. Rxf7+ Nxf7 25. Qe7+ Ka8
26. Nxf7 Rhe8 27. Qf6 b3 28. Qf3+ Rd5 29. c3 bxa2 30. Kc2 Qb5 31. b4 Qc4 32.
Kb2 Re2+ 33. Ka1 Ka7 34. Rc1 Rdd2 35. Ng5 Re7 36. h4 Qb3 0-1

[Event "BL 0910 Turm Emsdetten - Erfurter SK"]
[Site "?"]
[Date "2009.10.17"]
[Round "1.6"]
[White "Fiebig, Thomas"]
[Black "Voekler, Bernd"]
[Result "1-0"]
[WhiteElo "2416"]
[BlackElo "2393"]
[PlyCount "135"]
[EventDate "2009.??.??"]

1. d4 Nf6 2. Nf3 g6 3. Nc3 d5 4. Bf4 Bg7 5. Qd2 Ne4 6. Nxe4 dxe4 7. Ne5 f6 8.
Nc4 O-O 9. e3 c6 10. Be2 Be6 11. O-O Qc8 12. Rfd1 Nd7 13. Na5 Bf7 14. f3 b6 15.
Nb3 exf3 16. Bxf3 Rd8 17. Qe2 Qb7 18. c4 e5 19. Bg3 f5 20. e4 f4 21. Bh4 Re8
22. d5 c5 23. Nc1 h6 24. Nd3 g5 25. Be1 Bf8 26. Bc3 Bd6 27. g3 fxg3 28. hxg3
Nf6 29. Rf1 Qe7 30. Rf2 Bg6 31. Rh2 Qh7 32. Nf2 Re7 33. Bd2 Qg7 34. Ng4 Nxg4
35. Bxg4 Rf8 36. Be6+ Bf7 37. Bf5 Be8 38. Rf1 Bd7 39. g4 Bxf5 40. gxf5 Rf6 41.
Kf2 Kf8 42. Qh5 Ref7 43. Rfh1 Ke8 44. Bc3 Kd8 45. Qg4 Re7 46. Ke3 Re8 47. Qg3
Bf8 48. Bxe5 Rxe5 49. Qxe5 Bd6 50. Qc3 Bxh2 51. Rxh2 Kc8 52. Rf2 Qf7 53. Qe5 h5
54. Rg2 g4 55. Rh2 Rh6 56. Kf4 h4 57. Kxg4 Qh5+ 58. Kf4 Qd1 59. Qg7 Qc1+ 60.
Ke5 Qe3 61. Rg2 Qd4+ 62. Kf4 Qxc4 63. d6 Rxd6 64. Qg8+ Qxg8 65. Rxg8+ Kc7 66.
Rh8 c4 67. Ke5 Rd2 68. f6 1-0

[Event "BL 0910 Turm Emsdetten - Erfurter SK"]
[Site "?"]
[Date "2009.10.17"]
[Round "1.7"]
[White "Schoene, Maria"]
[Black "Pruijssers, Roeland"]
[Result "0-1"]
[WhiteElo "2274"]
[BlackElo "2415"]
[PlyCount "134"]
[EventDate "2009.??.??"]

1. e4 e5 2. Nf3 Nc6 3. Bb5 a6 4. Ba4 Nf6 5. O-O Be7 6. Re1 b5 7. Bb3 d6 8. c3
O-O 9. h3 Nb8 10. d4 Nbd7 11. Nbd2 Bb7 12. Bc2 Re8 13. Nf1 Bf8 14. Ng3 g6 15.
b3 c6 16. Bg5 Bg7 17. Qd2 Qc7 18. Nh2 Nf8 19. b4 Ne6 20. Be3 a5 21. a3 Rad8 22.
dxe5 dxe5 23. Qe2 Ba6 24. Ng4 Nxg4 25. hxg4 c5 26. Red1 cxb4 27. axb4 Qxc3 28.
Rxa5 Bb7 29. Qxb5 Bc6 30. Qe2 Qxb4 31. Rxd8 Rxd8 32. Ra1 Qc3 33. Rc1 Nd4 34.
Qd1 Qa5 35. Bd3 Bd7 36. Bg5 Ra8 37. Bc4 Rc8 38. Be3 Qa3 39. Ra1 Bxg4 40. Rxa3
Bxd1 41. Rc3 Bg4 42. Bd2 Bf8 43. Bd5 Rxc3 44. Bxc3 Bc5 45. Kf1 Kg7 46. Bc4 f6
47. Bd2 h5 48. Be3 h4 49. Nh1 h3 50. Bxd4 Bxd4 51. f3 Bd7 52. gxh3 Bxh3+ 53.
Ke2 Kh6 54. Nf2 Bd7 55. Nd3 Kg5 56. Nb4 f5 57. exf5 gxf5 58. Nd5 Kh4 59. Bd3
Bc5 60. Ne3 Kg5 61. Ng2 Be8 62. Ke1 Bc6 63. Ke2 Kf6 64. Ne3 Bd7 65. Bc4 Be8 66.
Bd3 Bg6 67. Ng2 Bh5 0-1

[Event "BL 0910 Turm Emsdetten - Erfurter SK"]
[Site "?"]
[Date "2009.10.17"]
[Round "1.8"]
[White "Zumsande, Martin"]
[Black "Schuetze, Norman"]
[Result "1-0"]
[WhiteElo "2413"]
[BlackElo "2278"]
[PlyCount "113"]
[EventDate "2009.??.??"]

1. e4 c5 2. c3 Nf6 3. e5 Nd5 4. d4 cxd4 5. Nf3 e6 6. cxd4 d6 7. Bc4 Nc6 8. O-O
Be7 9. Qe2 O-O 10. Qe4 Bd7 11. Re1 Rc8 12. a3 Na5 13. Ba2 Ba4 14. Qg4 Bc2 15.
Nbd2 Bf5 16. Qg3 dxe5 17. dxe5 Nb6 18. Nf1 Nac4 19. h4 Qd7 20. h5 Rfd8 21. Bh6
Bf8 22. Bg5 Nxb2 23. Bxd8 Rxd8 24. Ne3 Bd3 25. Ng4 Kh8 26. h6 N6c4 27. Qf4 Nxa3
28. hxg7+ Bxg7 29. Bxe6 fxe6 30. Rxa3 Bf5 31. Qg5 Rf8 32. Rxa7 Qc7 33. Ne3 Nd3
34. Rd1 Be4 35. Raa1 b5 36. Qh4 Bg6 37. Ng5 Qxe5 38. Ng4 Qf5 39. Ra2 b4 40. Ne3
Qf6 41. Ng4 Qe7 42. Re2 Nc5 43. Ne5 Bxe5 44. Rxe5 Ne4 45. Rxe6 Qxg5 46. Rxe4
Qxh4 47. Rxh4 b3 48. Rb4 Bc2 49. Rd7 Bf5 50. Re7 Bc2 51. f3 Kg8 52. Kf2 Rc8 53.
Rd7 Bf5 54. Rdb7 Rc2+ 55. Kg3 Be6 56. Re7 Rc4 57. Rb8+ 1-0

[Event "BL 0910 Hamburger SK - Schachfr. Berlin"]
[Site "?"]
[Date "2009.10.17"]
[Round "1.2"]
[White "Baramidze, David"]
[Black "Polzin, Rainer"]
[Result "1/2-1/2"]
[WhiteElo "2532"]
[BlackElo "2491"]
[PlyCount "103"]
[EventDate "2009.??.??"]

1. Nf3 Nf6 2. c4 g6 3. b3 Bg7 4. Bb2 O-O 5. g3 d6 6. d4 c5 7. Bg2 cxd4 8. Nxd4
Nbd7 9. O-O Nc5 10. Nc3 Bd7 11. Qd2 Rb8 12. Rac1 a6 13. Rfd1 Ng4 14. Nd5 Bh6
15. e3 Ne5 16. Qc3 Bg7 17. f4 e6 18. fxe5 exd5 19. exd6 Bg4 20. Rf1 Qxd6 21.
Bxd5 Rbe8 22. Rce1 Qe5 23. Rf2 h5 24. Qc2 Ne4 25. Bxe4 Qxe4 26. Qxe4 Rxe4 27.
Rf4 Rfe8 28. Rxe4 Rxe4 29. Kf2 Bh6 30. Nf3 Re8 31. Bd4 Bf8 32. h4 Rd8 33. Ng5
Bf5 34. Kf3 Bg4+ 35. Kf2 Bf5 36. Nf3 Bb4 37. Ra1 Ba3 38. Re1 b5 39. Ne5 Rc8 40.
e4 Be6 41. cxb5 axb5 42. Re2 Rc1 43. Nd3 Rc8 44. Ke3 Bg4 45. Rf2 Bd6 46. Be5
Ba3 47. Bb2 Bd6 48. Be5 Ba3 49. b4 f5 50. Bb2 fxe4 51. Bxa3 exd3 52. Kxd3
1/2-1/2

[Event "BL 0910 Hamburger SK - Schachfr. Berlin"]
[Site "?"]
[Date "2009.10.17"]
[Round "1.3"]
[White "Kraemer, Martin"]
[Black "Rogozenco, Dorian"]
[Result "1/2-1/2"]
[WhiteElo "2482"]
[BlackElo "2541"]
[PlyCount "85"]
[EventDate "2009.??.??"]

1. d4 Nf6 2. c4 e6 3. g3 c5 4. Nf3 cxd4 5. Nxd4 Qc7 6. Nc3 a6 7. Bg2 Qxc4 8.
O-O Nc6 9. Nb3 d5 10. Bf4 Be7 11. a3 a5 12. Rc1 Qa6 13. a4 O-O 14. Nb5 Qb6 15.
Bc7 Qa6 16. Nc5 Bxc5 17. Rxc5 Ne8 18. Bf4 Bd7 19. e4 Nb4 20. exd5 exd5 21. Bxd5
Nxd5 22. Qxd5 Nf6 23. Qd4 Bh3 24. Rd1 b6 25. Rc3 Rac8 26. f3 Rxc3 27. Qxc3 Qa8
28. Be5 Rc8 29. Qd3 Nd7 30. Bc3 Nc5 31. Qd4 Ne6 32. Qd5 Qxd5 33. Rxd5 g6 34. g4
Nc5 35. Rd4 Ne6 36. Rd6 Nc5 37. Rd4 h5 38. Kf2 hxg4 39. fxg4 Ne6 40. Re4 Ng5
41. Re5 Ne6 42. Nd6 Rc6 43. Ne4 1/2-1/2